Регионална библиотека "Любен Каравелов" - Русе

Дао Дъ Дзин (Запис номер 107785)

MARC детайли
000 -Лидер
Контролно поле с фиксирана дължина 01426nam a2200373 c 4500
003 - Код на организацията, давaща контролен номер
Контролно поле BLK
005 - Дата и час на последна редакция
Контролно поле 20210112113727.0
008 - Елементи от данни с фиксирана дължина
fixed length control field 180409b bul|||||r ||||||| ||bul||
010 ## - Наследен системен номер
LC control number KNG00113081000
020 ## - Международен стандартен номер на книга ISBN
Международен стандартен номер на книга ISBN 954-474-240-9
-- издат.: Кибеа
040 ## - Източник на каталожния запис
Идентификатор на билиотеката - собственик на записа BLK
041 ## - Код за език
Код за езика на текст/звукозапис или на отделно заглавие Български
Код за езика КДБФ Български
080 ## - УДК
Текстов определител УДК Китайска литература
УДК код - определител по УДК 821.581
УДК определител -84
УДК - код + определител 821.581-84
080 ## - УДК
Текстов определител УДК Таоизъм (Даоизъм). Подразделя се като 291
УДК код - определител по УДК 299.513
УДК определител
УДК - код + определител 299.513
100 1# - Редна дума - Автор
Автор Лао Цзъ
Авторска отговорност първи автор
R(LIN) 249076
139 ## - Редно поле
Редна дума Лао Дзъ
Авторски знак Ланс - Л 23
245 10 - Сведения за заглавието
Заглавие Дао Дъ Дзин
Подзаглавни данни Кн. за Пътя и Постигането
Редно поле (дума) * Лао Дзъ; Лао Цзъ; прев. от кит. Крум Ацев.
257 ## - Страна на издаване
Страна на създаване/издаване Китай
260 ## - Област на издателските данни
-- София
Име на издателя, разпространителя и проч. Кибеа
Година на издаване 2002
Печатница София : Балкан прес
300 ## - Физическа характеристика
Страници 185 с.
Илюстрации и др. с ил.
Размери/Мащаб 12Х16 см
380 ## - Жанр
Жанр Худож. лит.
490 1# - СЕРИИ (Колекции)
Име на серия Серия Оракул
500 ## - Общи забележки
Забележка Ориг. загл. на древнокит. ез. - Съдържа и За авт. ; За кн.
650 #4 - Допълнително описание по предмет – тема
Основно описание – тема или топоним Таоизъм
9 (RLIN) 173188
653 ## - Ключова дума – ненормативна
Ключова дума афоризми
653 ## - Ключова дума – ненормативна
Ключова дума сентенции
700 1# - Други автори (авторска отговорност)
Лично име Лао Дзъ
Автороска отговорност (Описва отношението между автора и произведението) *
9 (RLIN) 373492
700 1# - Други автори (авторска отговорност)
Лично име Ацев, Крум
Автороска отговорност (Описва отношението между автора и произведението) прев. от кит.
9 (RLIN) 370210
852 ## - Местоположение
Форматна сигнатура Цб І 31220
856 4# - Електронен адрес и достъп
Електронен формат pdf - файл
Път до файла /url/
856 4# - Електронен адрес и достъп
Електронен формат pdf - файл
Път до файла /url/
942 ## - АРТИКУЛИ
Вид на библиотечния материал Книги
Скрит в OPAC Не
Koha issues (borrowed), all copies 5
944 ## - СЪЗДАВАНЕ И РЕДАКЦИЯ на ЗАПИСА
Създаване/Редакция Създаване
Дата на регистрацията/редакция 14.05.2004
Служител, извършил регистрацията/редакцията Милена_Ачева
944 ## - СЪЗДАВАНЕ И РЕДАКЦИЯ на ЗАПИСА
Създаване/Редакция Редакция
Дата на регистрацията/редакция 30.09.2015
Служител, извършил регистрацията/редакцията Виолета_Тройчева
999 ## - СИСТЕМНИ КОНТРОЛНИ НОМЕРА
Koha biblionumber 107785
Koha biblioitemnumber 107785
Наличности
Код за отписване Код за изгубен артикул Код за повреда Коз за рестрикции Код за отдаване Артикулен № Име на библиотеката - собственик Име на библиотеката, в която се намира в момента Статус (Текущо местоположение) Дата на вписване в системата Местоположение - отдел Цена в лева Инвентарен номер Систематично азбучна сигнатура Баркод Номер на екземпляра Цена в евро Служебна бележка Служебен тип на артикула Източник на класификационната схема
  Не е изгубен Не е повреден без рестрикции ползва се в читалня 173817 Регионална библиотека "Любен Каравелов" Русе Регионална библиотека "Любен Каравелов" Русе Хранилище 2004-05-14 Хранилище 0.00 120000685471 Цб I 31220 120000685471 1 0.00 Дост: Dp Вид: Д N: 29 Дата: 09.07.2003 Книги  
Изтеглен Не е изгубен Не е повреден без рестрикции заемане за дома 173818 Регионална библиотека "Любен Каравелов" Русе Регионална библиотека "Любен Каравелов" Русе Заемна - подръчен фонд 2007-01-10 Заемна - подръчен фонд 3.00 120000708403 П 895-8/Л 23 120000708403 2 1.53 Дост: DA Вид: А N: 1 Дата: 05.01.2007 Книги Universal Decimal Classification
  Не е изгубен Не е повреден без рестрикции заемане за дома 693178 Регионална библиотека "Любен Каравелов" Русе Регионална библиотека "Любен Каравелов" Русе Заемна - подръчен фонд 2019-03-13 Заемна - подръчен фонд 8.00   П 895-8/Л 23 120000830941   4.09   Книги Universal Decimal Classification
Vip Innovations Ltd, Rousse, Bulgaria 2025